[Event "European Youth Chess Championship G12"]
[Site "Prague, Top Hotel Prague"]
[Date "2016.08.21"]
[Round "4.47"]
[White "Vavrinkova, Anna"]
[Black "Rolinkova, Lucie"]
[Result "0-1"]
[WhiteElo "1421"]
[BlackElo "1274"]
[PlyCount "94"]
[EventDate "2016.08.18"]

1. e4 d5 2. exd5 Qxd5 3. Nc3 Qa5 4. d4 e5 5. dxe5 Bb4 6. Bd2 Qxe5+ 7. Qe2 Qxe2+
8. Bxe2 Nc6 9. O-O-O Bf5 10. Nb5 Bxd2+ 11. Rxd2 Kf8 12. Nxc7 Rc8 13. Nb5 Nb4
14. Nc3 Nf6 15. a3 Nxc2 16. Rxc2 Bxc2 17. Kxc2 Ne4 18. Nh3 g6 19. Rd1 Nxc3 20.
bxc3 Rc7 21. Rd8+ Kg7 22. Rxh8 Kxh8 23. Nf4 Rc5 24. Nd3 Rb5 25. Nb4 Re5 26. Kd3
a5 27. Nc2 Rb5 28. Bd1 Kg7 29. h3 h5 30. Kc4 Rb1 31. Bf3 b6 32. Be4 Rf1 33. f3
Rf2 34. Ne3 Re2 35. Nd5 f5 36. Bd3 Rxg2 37. Nxb6 Rf2 38. Kd4 Rxf3 39. c4 Kf7
40. c5 Ke7 41. c6 Kd6 42. Nc4+ Kc7 43. Nxa5 Rxh3 44. Bb5 Rxa3 45. Nb7 f4 46.
Nc5 f3 47. Ne6+ Kc8 0-1

[Event "European Youth Chess Championship G12"]
[Site "Prague, Top Hotel Prague"]
[Date "2016.08.21"]
[Round "4.48"]
[White "Deleu, Ellen"]
[Black "Di, Maulo Alessandra"]
[Result "0-1"]
[WhiteElo "1181"]
[BlackElo "1397"]
[PlyCount "126"]
[EventDate "2016.08.18"]

1. f4 d5 2. Nf3 Nf6 3. e3 e6 4. g3 Bd6 5. Bg2 Nbd7 6. c3 h6 7. d4 c5 8. O-O O-O
9. Ne5 Qb6 10. Nxd7 Bxd7 11. dxc5 Bxc5 12. Re1 Rad8 13. Qb3 Rfe8 14. Qxb6 Bxb6
15. Kh1 Bc6 16. b3 Ng4 17. h3 Nf2+ 18. Kh2 Nd3 19. Rd1 Nxc1 20. Rxc1 Bxe3 21.
Re1 Bb6 22. Nd2 Rc8 23. Rac1 Kh8 24. c4 Ba5 25. Re2 dxc4 26. Bxc6 Rxc6 27. Rxc4
Rec8 28. Rxc6 Rxc6 29. Nc4 Bb6 30. Nxb6 Rxb6 31. Rd2 Kg8 32. Kg2 Kf8 33. Kf3
Ke7 34. Ke4 Rb5 35. h4 Rb4+ 36. Rd4 f5+ 37. Ke3 Rb5 38. Rc4 Kd6 39. Rd4+ Rd5
40. Rb4 b5 41. a4 a6 42. axb5 axb5 43. Rd4 Rxd4 44. Kxd4 g6 45. b4 h5 46. Kc3
e5 47. Kd3 exf4 48. gxf4 Kd5 49. Kc3 Ke4 50. Kd2 Kxf4 51. Kc3 Ke3 52. Kc2 f4
53. Kd1 Kf2 54. Kd2 f3 55. Kd3 Kg2 56. Kd4 f2 57. Kc5 f1=Q 58. Kc6 Qf6+ 59.
Kxb5 Qf5+ 60. Ka6 Qe6+ 61. Ka5 Kf3 62. b5 Ke4 63. Kb4 Kd4 0-1

[Event "European Youth Chess Championship G12"]
[Site "Prague, Top Hotel Prague"]
[Date "2016.08.21"]
[Round "4.49"]
[White "Datelova, Daniela"]
[Black "Orru`, Giulia"]
[Result "1-0"]
[WhiteElo "1340"]
[BlackElo "1134"]
[PlyCount "77"]
[EventDate "2016.08.18"]

1. f4 d6 2. d4 g6 3. Nf3 Bg7 4. e4 Bg4 5. Be2 Nd7 6. Nbd2 c6 7. b3 Ngf6 8. Bd3
O-O 9. Bb2 Qc7 10. O-O e5 11. h3 Bxf3 12. Rxf3 Rfe8 13. g4 Qb6 14. Nc4 Qc7 15.
Qe2 exf4 16. e5 dxe5 17. dxe5 Nd5 18. Nd6 Qxd6 19. exd6 Rxe2 20. Bxg7 Re3 21.
Rxe3 fxe3 22. Bd4 c5 23. Bb2 Re8 24. Re1 Nf4 25. Bb5 Rd8 26. Rxe3 Nb6 27. d7
Ne6 28. Bf6 Nd5 29. Rxe6 fxe6 30. Bxd8 a6 31. Bc7 Nxc7 32. d8=Q+ Kg7 33. Qxc7+
Kf6 34. Bd3 e5 35. Qxc5 h5 36. Qd6+ Kg5 37. Qe7+ Kf4 38. Kf2 hxg4 39. Qf6# 1-0

[Event "European Youth Chess Championship G12"]
[Site "Prague, Top Hotel Prague"]
[Date "2016.08.22"]
[Round "5.1"]
[White "Ziegenfuss, Antonia"]
[Black "Caglar, Sila"]
[Result "0-1"]
[WhiteElo "1829"]
[BlackElo "1983"]
[PlyCount "120"]
[EventDate "2016.08.18"]

1. e4 c5 2. Nc3 Nc6 3. Bb5 Nd4 4. Bc4 e6 5. Nge2 Nf6 6. O-O a6 7. d3 b5 8. Bb3
Nxb3 9. axb3 Bb7 10. e5 Ng4 11. f4 Qb6 12. h3 Nh6 13. Be3 Nf5 14. Bf2 Be7 15.
Qe1 Rc8 16. Kh2 d6 17. Ng3 O-O 18. Rd1 Qc6 19. Rg1 dxe5 20. Nxf5 exf5 21. Qxe5
Qf6 22. Rde1 Rfe8 23. Qxf6 Bxf6 24. Bxc5 h5 25. b4 h4 26. Rgf1 g6 27. Kg1 Red8
28. Kh2 Rd7 29. Re2 Kg7 30. Rfe1 Bd4 31. Be7 Bxc3 32. bxc3 Rxc3 33. Bxh4 Rdc7
34. Bd8 Rc8 35. Bb6 Rxc2 36. Bd4+ Kh7 37. Bc5 Rxe2 38. Rxe2 Bd5 39. d4 Be4 40.
Ra2 Rc6 41. Re2 Rc8 42. Ra2 Ra8 43. g3 Bd5 44. Re2 a5 45. bxa5 Rxa5 46. Kg1
Ra1+ 47. Kf2 Be4 48. Rd2 Rh1 49. h4 Kh6 50. d5 Rh2+ 51. Ke3 Rxd2 52. Kxd2 Bxd5
53. Kc3 Kh5 54. Kb4 Bc4 55. Be7 Kg4 56. Bg5 Kxg3 57. Kc3 f6 58. Bxf6 Kxf4 59.
Bg5+ Kg3 60. Kd2 f4 0-1

[Event "European Youth Chess Championship G12"]
[Site "Prague, Top Hotel Prague"]
[Date "2016.08.22"]
[Round "5.2"]
[White "Krasteva, Beloslava"]
[Black "Stepanyan, Eva"]
[Result "0-1"]
[WhiteElo "1996"]
[BlackElo "1780"]
[PlyCount "116"]
[EventDate "2016.08.18"]

1. d4 Nf6 2. c4 e6 3. Nc3 Bb4 4. e3 b6 5. Nf3 Bb7 6. Be2 O-O 7. O-O d6 8. Bd2
Nbd7 9. b3 Bxc3 10. Bxc3 Ne4 11. Bb2 f5 12. d5 e5 13. Qc2 a5 14. a3 Ndf6 15.
Bd3 g6 16. b4 Qe7 17. Ne1 Rfe8 18. f4 axb4 19. axb4 Rxa1 20. Bxa1 exf4 21. exf4
c6 22. dxc6 Bxc6 23. Nf3 Rf8 24. Re1 Qd7 25. Bd4 Qd8 26. Ra1 Nd7 27. Qb3 Nef6
28. Nd2 Kg7 29. b5 Bb7 30. Ra7 Qb8 31. Qa3 Rf7 32. Be2 Nc5 33. Qa1 Qd8 34. Nf3
h6 35. Bxc5 bxc5 36. Qa5 Qe7 37. Qd2 Ne4 38. Qb2+ Kh7 39. b6 Qe8 40. Bd1 Qe6
41. Bb3 d5 42. Ne5 Rg7 43. Ba2 d4 44. Ra3 g5 45. Nd3 Nc3 46. Qf2 Nd1 47. Qe1
Qc6 48. Qd2 Ne3 49. Ne5 Qxb6 50. Rb3 Qc7 51. Qb2 gxf4 52. Rxb7 Qxb7 53. Qxb7
Rxb7 54. Nd3 Ra7 55. Nc1 Ra3 56. Kf2 d3 57. Ke1 Rc3 58. Kd2 Rc2+ 0-1

[Event "European Youth Chess Championship G12"]
[Site "Prague, Top Hotel Prague"]
[Date "2016.08.22"]
[Round "5.3"]
[White "Mkrtchyan, Mariam"]
[Black "Garifullina, Leya"]
[Result "1/2-1/2"]
[WhiteElo "1720"]
[BlackElo "1906"]
[PlyCount "181"]
[EventDate "2016.08.18"]

1. d4 d5 2. Nf3 Nf6 3. g3 Bf5 4. Bg2 e6 5. O-O Be7 6. c4 c6 7. Nc3 O-O 8. Nd2
Nbd7 9. e4 dxe4 10. Ndxe4 Nxe4 11. Nxe4 Nf6 12. Nc3 Qb6 13. Na4 Qa6 14. b3 Rad8
15. Bf4 b5 16. cxb5 cxb5 17. Nc3 Qb6 18. Be3 Ng4 19. Qe2 Nxe3 20. fxe3 a6 21.
Kh1 Bg6 22. Rad1 Rc8 23. Qb2 Qa5 24. Ne4 Rc7 25. Nc5 b4 26. Ne4 Rfc8 27. Rd2
Qb5 28. Re1 h6 29. Kg1 Kh7 30. Kh1 a5 31. Bf3 a4 32. bxa4 Qxa4 33. Qb3 Qxb3 34.
axb3 Rc2 35. Rxc2 Rxc2 36. Rb1 Bg5 37. Nxg5+ hxg5 38. Re1 Rc3 39. Bd1 Be4+ 40.
Kg1 Bd5 41. e4 Bxb3 42. Bxb3 Rxb3 43. d5 exd5 44. exd5 Rd3 45. Rb1 Rxd5 46.
Rxb4 Rd2 47. h4 Kg6 48. hxg5 Kxg5 49. Kf1 f5 50. Ra4 g6 51. Rb4 Kh5 52. Rh4+
Kg5 53. Rb4 Rh2 54. Ra4 Kh5 55. Rb4 g5 56. Ra4 Rd2 57. Rb4 Rd6 58. Kf2 Re6 59.
Kf3 Re4 60. Rb5 g4+ 61. Kf2 Kg5 62. Ra5 Rd4 63. Ra2 Rd3 64. Kg2 Kf6 65. Ra5
Rd2+ 66. Kg1 Ke6 67. Rb5 Rd5 68. Rb3 Ke5 69. Kf2 Rd2+ 70. Ke1 Rc2 71. Kf1 Rc4
72. Kf2 Rc2+ 73. Kf1 Ke4 74. Rb4+ Ke5 75. Rb5+ Ke4 76. Rb4+ Kd5 77. Rb5+ Rc5
78. Rb3 Rc4 79. Kf2 Kd4 80. Ra3 Rc2+ 81. Kf1 Rc3 82. Ra4+ Rc4 83. Ra3 Ke4 84.
Kf2 Rc2+ 85. Kf1 Rd2 86. Ra4+ Rd4 87. Ra5 f4 88. gxf4 Kxf4 89. Kg2 Rd2+ 90. Kg1
g3 91. Ra1 1/2-1/2

[Event "European Youth Chess Championship G12"]
[Site "Prague, Top Hotel Prague"]
[Date "2016.08.22"]
[Round "5.4"]
[White "Mironenko, Galina"]
[Black "Levitan, Ronit"]
[Result "0-1"]
[WhiteElo "1769"]
[BlackElo "1793"]
[PlyCount "116"]
[EventDate "2016.08.18"]

1. Nf3 d5 2. g3 Bg4 3. Bg2 c6 4. O-O Nf6 5. d3 Nbd7 6. Nbd2 e6 7. b3 Bc5 8. Bb2
O-O 9. Qe1 Qe7 10. a3 a5 11. e4 Qd8 12. e5 Ne8 13. d4 Ba7 14. b4 axb4 15. axb4
f6 16. exf6 Qxf6 17. Ne5 Nxe5 18. dxe5 Qd8 19. Nb3 Nc7 20. Na5 Na6 21. Ba3 Rf7
22. c4 Bd4 23. Ra2 Qc7 24. cxd5 cxd5 25. Bb2 Bxb2 26. Rxb2 Bf5 27. Qe3 Nxb4 28.
Rxb4 Qxa5 29. Qd4 b5 30. g4 Bd3 31. Rd1 Bc4 32. Qc5 Raf8 33. Rb2 Qa4 34. Re1
Qa5 35. Rc1 Qa7 36. Qxa7 Rxa7 37. Rd1 Rfa8 38. f4 Kf7 39. f5 Ra2 40. Rbb1 Rc2
41. Ra1 Raa2 42. Rxa2 Rxa2 43. Rb1 Ra4 44. Bf3 b4 45. Kf2 b3 46. Ke3 Ra2 47. h4
Rc2 48. Bd1 Rh2 49. h5 b2 50. fxe6+ Kxe6 51. Bf3 Ba2 52. Rd1 b1=Q 53. Bxd5+
Kxe5 54. Rxb1 Bxb1 55. Bg8 h6 56. Bf7 Rg2 57. Kf3 Be4+ 58. Ke3 Rxg4 0-1

[Event "European Youth Chess Championship G12"]
[Site "Prague, Top Hotel Prague"]
[Date "2016.08.22"]
[Round "5.5"]
[White "Adamczyk, Zuzanna"]
[Black "Allahverdiyeva, Ayan"]
[Result "0-1"]
[WhiteElo "1672"]
[BlackElo "1886"]
[PlyCount "84"]
[EventDate "2016.08.18"]

1. e4 e6 2. d4 d5 3. Nd2 Nf6 4. e5 Nfd7 5. Bd3 c5 6. c3 Nc6 7. Ne2 cxd4 8. cxd4
f6 9. exf6 Nxf6 10. Nf3 Bd6 11. Bf4 Bxf4 12. Nxf4 O-O 13. O-O Ng4 14. Ne2 e5
15. dxe5 Ngxe5 16. Nxe5 Nxe5 17. Bc2 Be6 18. Nd4 Bf7 19. Rc1 Qb6 20. b3 Qh6 21.
Nf5 Qf6 22. Qd2 Rad8 23. Rfd1 d4 24. f4 Nc6 25. g3 Bh5 26. Qd3 Bxd1 27. Rxd1 g6
28. Nh6+ Kg7 29. Ng4 Qe6 30. Qf3 h5 31. Nf2 Qe3 32. Qg2 Rf7 33. g4 Rxf4 34.
gxh5 Ne5 35. h3 Rf3 36. Qh2 d3 37. Bxd3 Rxd3 38. Rf1 Rg3+ 39. Qg2 Qf3 40. Qxg3
Qxg3+ 41. Kh1 Nf3 42. Ng4 Qxh3+ 0-1

[Event "European Youth Chess Championship G12"]
[Site "Prague, Top Hotel Prague"]
[Date "2016.08.22"]
[Round "5.6"]
[White "Toth, Nikoletta"]
[Black "Yakimova, Mariya"]
[Result "0-1"]
[WhiteElo "1668"]
[BlackElo "1818"]
[PlyCount "126"]
[EventDate "2016.08.18"]

1. c4 f5 2. g3 Nf6 3. Bg2 e6 4. Nc3 d5 5. cxd5 exd5 6. e3 Be7 7. Nge2 O-O 8.
O-O c6 9. b3 Nbd7 10. Nd4 Ne5 11. Qc2 Ne4 12. Bb2 Bf6 13. Nce2 Re8 14. f3 Nd6
15. Bh3 g6 16. Bg2 Bg7 17. Kh1 Qc7 18. Nf4 Qb6 19. a4 a5 20. Ba3 Ndf7 21. Qc3
Ng5 22. Rac1 Ne6 23. Ndxe6 Bxe6 24. Bc5 Qc7 25. Bd4 Bf7 26. Ne2 Bf8 27. Qc2 Ba3
28. Rce1 c5 29. Ba1 c4 30. f4 d4 31. Nxd4 Nd3 32. Nb5 Qc5 33. Qc3 Bb2 34. Bxb2
Nxb2 35. Qxb2 cxb3 36. Rc1 Qb4 37. Nc7 Qxa4 38. Nxe8 Rxe8 39. Ra1 Qb4 40. Rfc1
Rd8 41. d4 b5 42. Rd1 a4 43. Rdc1 Bc4 44. d5 Re8 45. Rcb1 Rxe3 46. Rd1 Re2 47.
Qf6 b2 48. Rab1 Qf8 49. Qc3 Bb3 50. Re1 Rxe1+ 51. Rxe1 b4 52. Qxb2 Kf7 53. Re3
Qc5 54. Re1 Bxd5 55. Qe2 Bxg2+ 56. Qxg2 Qc3 57. Qd5+ Kf8 58. Qd8+ Kg7 59. Re7+
Kh6 60. Qf8+ Kh5 61. Rxh7+ Kg4 62. h3+ Kxg3 63. Re7 Qf3+ 0-1

[Event "European Youth Chess Championship G12"]
[Site "Prague, Top Hotel Prague"]
[Date "2016.08.22"]
[Round "5.7"]
[White "Wikar, Martyna"]
[Black "Ozbek, Busra"]
[Result "1-0"]
[WhiteElo "1803"]
[BlackElo "1660"]
[PlyCount "133"]
[EventDate "2016.08.18"]

1. d4 g6 2. g3 Bg7 3. Bg2 Nf6 4. Nf3 d6 5. O-O O-O 6. c4 Nc6 7. d5 Nb8 8. Nc3
Na6 9. Nd4 Nc5 10. b4 Ncd7 11. Bb2 a5 12. a3 axb4 13. axb4 Rxa1 14. Bxa1 Nb6
15. Qd3 Ng4 16. f4 e5 17. dxe6 fxe6 18. h3 Nh6 19. Ne4 e5 20. Nb5 Nf7 21. Rd1
Be6 22. Nd2 c6 23. Nc3 exf4 24. gxf4 d5 25. cxd5 Nxd5 26. Nxd5 Bxa1 27. Rxa1
Bxd5 28. Bxd5 cxd5 29. Nf3 Qd6 30. Qd2 Nh6 31. Ne5 Qe6 32. Kg2 Nf5 33. e3 Nh4+
34. Kg3 g5 35. Rg1 Ng6 36. Nxg6 hxg6 37. Kh2 gxf4 38. exf4 Kh7 39. Rg5 Rf5 40.
Rxf5 Qxf5 41. Qd4 Qc2+ 42. Kg3 Qc4 43. Qf6 Qc7 44. Kg4 Qc8+ 45. Kg5 Qe8 46. Qd4
Qe7+ 47. Kg4 Qe2+ 48. Kg3 Qc4 49. Qf6 d4 50. Qe7+ Kg8 51. Qe8+ Kg7 52. Qe7+ Qf7
53. Qxf7+ Kxf7 54. Kf3 Ke6 55. Ke4 d3 56. Kxd3 Kd5 57. b5 Kc5 58. h4 Kxb5 59.
f5 gxf5 60. h5 Ka4 61. h6 b5 62. h7 b4 63. h8=Q Kb3 64. Qa1 f4 65. Qb1+ Ka4 66.
Kc4 Ka3 67. Qb3# 1-0

[Event "European Youth Chess Championship G12"]
[Site "Prague, Top Hotel Prague"]
[Date "2016.08.22"]
[Round "5.8"]
[White "Dylag, Emilia"]
[Black "Marcinczyk, Monika"]
[Result "1/2-1/2"]
[WhiteElo "1792"]
[BlackElo "1609"]
[PlyCount "105"]
[EventDate "2016.08.18"]

1. d4 Nf6 2. c4 g6 3. Nc3 d5 4. cxd5 Nxd5 5. e4 Nxc3 6. bxc3 Bg7 7. Be3 c5 8.
Qd2 Nc6 9. Rd1 Qa5 10. Bc4 O-O 11. Ne2 Rd8 12. O-O b5 13. Bd5 Bb7 14. Bg5 Rd7
15. Qf4 e6 16. Bxc6 Bxc6 17. dxc5 Rxd1 18. Rxd1 Qxa2 19. Ng3 Qc2 20. Qd6 Bf8
21. Qxc6 Qxd1+ 22. Nf1 Rd8 23. Bxd8 Qxd8 24. Qxb5 Qc7 25. c6 a5 26. Ne3 Be7 27.
Qb7 Bd8 28. Qb5 Kf8 29. Nc4 Qf4 30. Ne3 Bc7 31. g3 Qxe4 32. Qa6 Kg7 33. Qb7 Qe5
34. Qb3 Qd6 35. Qa4 Qc5 36. c4 Qb4 37. Qxb4 axb4 38. Nc2 b3 39. Na3 b2 40. Kf1
Kf6 41. Ke2 Ke5 42. Kd3 Kd6 43. Kc2 Kxc6 44. Kxb2 Bb6 45. f3 e5 46. Kc3 f5 47.
Kd3 Bf2 48. Nb5 h5 49. Nc3 g5 50. Nd5 Kd6 51. Ne3 f4 52. gxf4 exf4 53. Ng2
1/2-1/2

[Event "European Youth Chess Championship G12"]
[Site "Prague, Top Hotel Prague"]
[Date "2016.08.22"]
[Round "5.9"]
[White "Trifoi, Mihaela-Ioana"]
[Black "Tamrazyan, Gohar"]
[Result "1/2-1/2"]
[WhiteElo "1595"]
[BlackElo "1741"]
[PlyCount "185"]
[EventDate "2016.08.18"]

1. e4 e6 2. d4 d5 3. e5 c5 4. c3 Nc6 5. Nf3 Qb6 6. a3 Bd7 7. b4 cxd4 8. cxd4
Rc8 9. Be3 Nge7 10. Bd3 Nf5 11. O-O Be7 12. Nbd2 O-O 13. Rc1 f6 14. exf6 Bxf6
15. Nb3 Nxe3 16. fxe3 e5 17. Bb1 exd4 18. exd4 Nxd4 19. Kh1 Rxc1 20. Nxc1 Bg4
21. Nb3 Nxb3 22. Qxb3 Be6 23. Qd3 g6 24. Ba2 Rd8 25. Qb3 Qc6 26. Re1 Bf7 27. h3
Qc4 28. Rd1 Qxb3 29. Bxb3 d4 30. Bc2 Bc4 31. Ne1 Bh4 32. Nd3 Re8 33. Nc5 Bg3
34. Nd3 Re2 35. Bb1 Bd5 36. Rg1 Kg7 37. a4 b6 38. b5 Bf2 39. Nf4 Bxg1 40. Nxe2
Bf2 41. Nc1 Be3 42. Nd3 Bb3 43. Nb2 Bc1 44. Nd3 Ba3 45. Nf4 Kf6 46. Bd3 Ke5 47.
Ne2 Bxa4 48. Kg1 Bd1 49. Kf2 Bb4 50. Ng3 Bb3 51. Ne4 Be7 52. Nd2 Bd5 53. Nf3+
Bxf3 54. Kxf3 Bg5 55. Be2 Be3 56. Bd3 Bf4 57. Be2 h5 58. Bd3 g5 59. Bg6 h4 60.
Ke2 Be3 61. Kd3 Kf4 62. Be4 Ke5 63. Bc6 Kd6 64. Be8 Kc5 65. Bd7 Kb4 66. Bc6 Ka5
67. Kc4 a6 68. bxa6 Kxa6 69. Bb5+ Kb7 70. Kd3 Kc7 71. Kc4 Kd6 72. Be8 Bf2 73.
Bg6 Ke5 74. Kd3 Kd5 75. Bf7+ Kc5 76. Bb3 Kb4 77. Bd5 b5 78. Kc2 Ka3 79. Be6 b4
80. Bd5 b3+ 81. Bxb3 d3+ 82. Kc3 Be1+ 83. Kc4 Kb2 84. Ba4 d2 85. Kd3 Kc1 86.
Ke2 Bg3 87. Bb3 Bf4 88. Ba4 Kb2 89. Kd1 Kc3 90. Bc6 Kd3 91. Ba8 Ke3 92. Bb7 Kf2
93. Bc6 1/2-1/2

[Event "European Youth Chess Championship G12"]
[Site "Prague, Top Hotel Prague"]
[Date "2016.08.22"]
[Round "5.10"]
[White "Sovina, Maria"]
[Black "Maciulaityte, Barbora"]
[Result "1-0"]
[WhiteElo "1740"]
[BlackElo "1505"]
[PlyCount "97"]
[EventDate "2016.08.18"]

1. d4 Nf6 2. c4 g6 3. Nc3 d5 4. cxd5 Nxd5 5. e4 Nxc3 6. bxc3 Bg7 7. Nf3 c5 8.
Rb1 O-O 9. Be2 Nc6 10. d5 Bxc3+ 11. Bd2 Bxd2+ 12. Qxd2 Nb8 13. h4 f6 14. h5 Qe8
15. hxg6 Qxg6 16. Qe3 b6 17. Nh4 Qg7 18. g4 Kf7 19. Kd2 Rg8 20. Nf5 Bxf5 21.
gxf5 Nd7 22. f4 Qg3 23. Rxh7+ Kf8 24. Qxg3 Rxg3 25. Bh5 Rg7 26. Rh8+ Rg8 27.
Rxg8+ Kxg8 28. Rg1+ Kh8 29. Bg6 Nf8 30. Bf7 Nh7 31. a4 a6 32. Rb1 Rb8 33. Bh5
b5 34. Be2 c4 35. Bxc4 Rc8 36. Bd3 bxa4 37. Ra1 Nf8 38. Rxa4 Nd7 39. Rxa6 Nc5
40. Rc6 Nb3+ 41. Kc3 Rb8 42. Bc4 Na5 43. Rc5 Nxc4 44. Rxc4 Rb1 45. Kc2 Rf1 46.
Rc7 Kg8 47. Rxe7 Rxf4 48. d6 Rf2+ 49. Kd3 1-0

[Event "European Youth Chess Championship G12"]
[Site "Prague, Top Hotel Prague"]
[Date "2016.08.22"]
[Round "5.11"]
[White "Mikhailina, Elena"]
[Black "Donghvani, Nia"]
[Result "1-0"]
[WhiteElo "1541"]
[BlackElo "1686"]
[PlyCount "82"]
[EventDate "2016.08.18"]

1. e4 c5 2. Nf3 d6 3. d4 cxd4 4. Nxd4 Nf6 5. f3 g6 6. c4 Bg7 7. Nc3 O-O 8. Be3
Nc6 9. Qd2 Bd7 10. Be2 Rc8 11. O-O Ne5 12. b3 a6 13. Rac1 Ne8 14. Rfd1 Nc7 15.
Qe1 Qe8 16. Qf1 Ne6 17. Nd5 Nxd4 18. Bxd4 Bh6 19. Bxe5 Bxc1 20. Bf6 Be3+ 21.
Kh1 h5 22. Nxe7+ Kh7 23. Nxc8 Qxc8 24. Be7 Re8 25. Bxd6 Be6 26. Qe1 Qc6 27. Qc3
Bh6 28. Qb4 Rc8 29. Be7 Be3 30. Rd3 Bf2 31. Qd6 Qe8 32. Bf6 Bc5 33. Qf4 b5 34.
cxb5 Qxb5 35. Qd2 Bb4 36. Qd1 Qa5 37. Rd8 Rxd8 38. Qxd8 Qxd8 39. Bxd8 a5 40.
Bc4 Bxc4 41. bxc4 Kg7 1-0

[Event "European Youth Chess Championship G12"]
[Site "Prague, Top Hotel Prague"]
[Date "2016.08.22"]
[Round "5.12"]
[White "Zeliantsova, Kseniya"]
[Black "Smetisko, Lucija"]
[Result "0-1"]
[WhiteElo "1723"]
[BlackElo "1555"]
[PlyCount "122"]
[EventDate "2016.08.18"]

1. e4 e5 2. Nf3 Nc6 3. Bb5 Nf6 4. d3 Bc5 5. O-O d6 6. c3 O-O 7. Bxc6 bxc6 8. h3
h6 9. Re1 Re8 10. Nbd2 Bb7 11. Nf1 Nh5 12. Nxe5 dxe5 13. Qxh5 Qxd3 14. Be3 Bb6
15. Bxb6 cxb6 16. Re3 Qd6 17. Rg3 Rad8 18. Ne3 Bc8 19. Qh4 Kh7 20. Qh5 Qf6 21.
Rf3 Qg6 22. Qh4 Rd3 23. Rg3 Qd6 24. Qh5 Re7 25. Nc4 Qd8 26. Nxe5 Rxg3 27. fxg3
Qe8 28. Nf3 Kg8 29. e5 Bb7 30. Qg4 c5 31. Re1 Re6 32. Kf2 Bc8 33. Qf4 Bb7 34.
Nd2 Qc6 35. Nf3 Qe8 36. Kg1 Qd8 37. Nd2 Qd5 38. Re2 f6 39. Nc4 fxe5 40. Qg4 e4
41. Ne3 Qd7 42. Nf5 Kh7 43. Re1 Rg6 44. Qf4 Rf6 45. g4 Qe6 46. b3 Qd5 47. Qe3
Re6 48. Qe2 e3 49. Qc2 Qd2 50. Nxe3+ Qxc2 51. Nxc2 Rxe1+ 52. Nxe1 Kg6 53. Kf2
Kf6 54. Ke3 Ke5 55. g3 Be4 56. a4 a6 57. h4 g5 58. h5 b5 59. Nd3+ Bxd3 60. Kxd3
c4+ 61. bxc4 bxa4 0-1

[Event "European Youth Chess Championship G12"]
[Site "Prague, Top Hotel Prague"]
[Date "2016.08.22"]
[Round "5.13"]
[White "Karavitaki, Evaggelia"]
[Black "Lehaci, Miruna-Daria"]
[Result "0-1"]
[WhiteElo "1581"]
[BlackElo "1860"]
[PlyCount "86"]
[EventDate "2016.08.18"]

1. e4 e6 2. d4 d5 3. e5 c5 4. c3 Nc6 5. Nf3 Bd7 6. Be2 Nge7 7. O-O Ng6 8. g3 f6
9. exf6 gxf6 10. Re1 Qb6 11. Na3 O-O-O 12. Nc2 Rg8 13. Ne3 cxd4 14. cxd4 Bd6
15. a3 f5 16. b4 f4 17. Nf1 fxg3 18. fxg3 Rdf8 19. Kh1 h5 20. Bg5 h4 21. Bxh4
Nxh4 22. Nxh4 Nxd4 23. Nf3 Nxf3 24. Bxf3 Qf2 25. Bg2 a5 26. Re2 Qa7 27. Raa2
Kb8 28. Qe1 Rh8 29. Rf2 Rfg8 30. Qc3 Bb5 31. Rf3 e5 32. Rf6 axb4 33. Qc2 b3 34.
Qxb3 Bc4 35. Qb2 Bxa2 36. Rxd6 Bc4 37. Qxe5 Ka8 38. Bxd5 Bxf1 39. Bxb7+ Qxb7+
40. Rd5 Bc4 41. Qc3 Qxd5+ 42. Kg1 Qc5+ 43. Kg2 Bd5+ 0-1

[Event "European Youth Chess Championship G12"]
[Site "Prague, Top Hotel Prague"]
[Date "2016.08.22"]
[Round "5.14"]
[White "Shehzad, Alisha"]
[Black "Kirchei, Viktoriia"]
[Result "0-1"]
[WhiteElo "1528"]
[BlackElo "1767"]
[PlyCount "56"]
[EventDate "2016.08.18"]

1. e4 d5 2. exd5 Qxd5 3. Nc3 Qa5 4. d4 Nf6 5. Nf3 Nc6 6. Bd2 Bg4 7. Bb5 O-O-O
8. Bxc6 bxc6 9. Ne4 Qf5 10. Nxf6 exf6 11. c3 c5 12. dxc5 Re8+ 13. Be3 Bxc5 14.
O-O Bxf3 15. gxf3 Bxe3 16. fxe3 Qg5+ 17. Kh1 Rxe3 18. Rg1 Rd8 19. Qa4 Qd5 20.
Qa6+ Kb8 21. Rg3 Rxf3 22. Rxf3 Qxf3+ 23. Kg1 Rd5 24. h4 Qg3+ 25. Kf1 Rf5+ 26.
Ke2 Rf2+ 27. Ke1 Qe3+ 28. Kd1 Qd2# 0-1

[Event "European Youth Chess Championship G12"]
[Site "Prague, Top Hotel Prague"]
[Date "2016.08.22"]
[Round "5.15"]
[White "Rzali, Sabina"]
[Black "Kasaeva, Sofiia"]
[Result "1-0"]
[WhiteElo "1719"]
[BlackElo "1514"]
[PlyCount "75"]
[EventDate "2016.08.18"]

1. e4 e5 2. Nf3 Nc6 3. Bb5 a6 4. Ba4 Nge7 5. c3 g6 6. O-O Bg7 7. Re1 O-O 8. d4
b5 9. Bc2 exd4 10. cxd4 d6 11. h3 h6 12. d5 Na5 13. Nd4 Nc4 14. Nc3 Kh7 15. Rb1
Bd7 16. Nce2 f5 17. exf5 Nxf5 18. Ne6 Bxe6 19. dxe6 Ne5 20. f4 Nc4 21. g4 Nh4
22. Qd3 Qf6 23. Qg3 Qe7 24. Nc3 c6 25. Ne4 Bd4+ 26. Kh1 d5 27. Nd2 Nxd2 28.
Bxd2 Rae8 29. Bd3 Bf6 30. g5 hxg5 31. fxg5 Nf5 32. Bxf5 gxf5 33. gxf6 Qxf6 34.
Bg5 Qg6 35. Qh4+ Kg8 36. Rg1 Qxe6 37. Bh6+ Kh8 38. Bxf8+ 1-0

[Event "European Youth Chess Championship G12"]
[Site "Prague, Top Hotel Prague"]
[Date "2016.08.22"]
[Round "5.16"]
[White "Dimitrijevic, Andjela"]
[Black "Portnoy, Noam"]
[Result "0-1"]
[WhiteElo "1468"]
[BlackElo "1710"]
[PlyCount "70"]
[EventDate "2016.08.18"]

1. e4 c5 2. Nf3 Nc6 3. Bb5 Nf6 4. Bxc6 dxc6 5. d3 g6 6. h3 Bg7 7. Nc3 O-O 8.
O-O h6 9. Be3 b6 10. Qd2 Kh7 11. Rab1 Ne8 12. Ne2 Nc7 13. Ng3 Nb5 14. Nh2 Be6
15. a4 Nd4 16. f4 f5 17. e5 Qd7 18. Ne2 Rfd8 19. Nf3 Nxf3+ 20. Rxf3 c4 21. d4
c5 22. Rd1 cxd4 23. Qxd4 Bd5 24. Rf2 Qc7 25. Qc3 g5 26. g3 e6 27. Nd4 gxf4 28.
gxf4 Bf8 29. Kh2 Be7 30. Rg1 Rg8 31. Rff1 Bh4 32. Nb5 Qc6 33. Bd4 Qb7 34. b3
Bg2 35. Rd1 Bg3+ 0-1

[Event "European Youth Chess Championship G12"]
[Site "Prague, Top Hotel Prague"]
[Date "2016.08.22"]
[Round "5.17"]
[White "Dziatko, Evgeniya"]
[Black "Mihailova, Alina"]
[Result "1-0"]
[WhiteElo "1709"]
[BlackElo "1579"]
[PlyCount "59"]
[EventDate "2016.08.18"]

1. Nf3 d5 2. c4 c6 3. b3 Bg4 4. Bb2 Nd7 5. d3 Ngf6 6. Nbd2 e6 7. g3 Be7 8. Bg2
O-O 9. O-O a5 10. a3 b5 11. Qc2 Qb6 12. cxb5 cxb5 13. Rfc1 Rfc8 14. Qxc8+ Rxc8
15. Rxc8+ Bf8 16. Rac1 h6 17. R1c6 Qb7 18. Ne5 Nb8 19. R6c7 Qb6 20. Rxf7 Qd6
21. Rfxf8+ Qxf8 22. Rxf8+ Kxf8 23. Nxg4 Nxg4 24. Bh3 Nf6 25. Bxf6 gxf6 26. Bxe6
d4 27. Nf3 Nc6 28. Bd7 Ne5 29. Nxe5 fxe5 30. Bxb5 1-0

[Event "European Youth Chess Championship G12"]
[Site "Prague, Top Hotel Prague"]
[Date "2016.08.22"]
[Round "5.18"]
[White "Murzina, Agata"]
[Black "Pipiras, Filipa Fortuna"]
[Result "1-0"]
[WhiteElo "1651"]
[BlackElo "1468"]
[PlyCount "139"]
[EventDate "2016.08.18"]

1. e4 e5 2. Nf3 Nc6 3. Nc3 Nf6 4. Bb5 Bd6 5. d3 a6 6. Ba4 h6 7. h3 b5 8. Bb3
O-O 9. Be3 Re8 10. Qd2 Bf8 11. g4 Na5 12. g5 Nxb3 13. axb3 hxg5 14. Bxg5 c6 15.
Rg1 b4 16. Na4 d5 17. Nb6 Rb8 18. Nxc8 Rxc8 19. exd5 e4 20. dxe4 Rxe4+ 21. Kd1
cxd5 22. Rxa6 Be7 23. Nd4 Nh5 24. Nc6 Bxg5 25. Rxg5 Qd7 26. Rxd5 Qxh3 27. Rd8+
Rxd8 28. Qxd8+ Kh7 29. Nd4 Qf1+ 30. Kd2 Qxf2+ 31. Kd3 Re3+ 32. Kc4 Qf1+ 33.
Kxb4 Qxa6 34. Qa5 Qh6 35. Qf5+ Qg6 36. c4 Qxf5 37. Nxf5 Re2 38. Ka3 Re5 39. Nd6
f5 40. b4 Nf6 41. c5 Nd5 42. b5 Re6 43. Nxf5 Kg6 44. Nd4 Re8 45. b4 Kf6 46. b6
Ne7 47. b5 Ke5 48. Nb3 Kd5 49. Kb4 g5 50. Na5 Ke6 51. c6 Kd6 52. Nc4+ Ke6 53.
Kc5 Nd5 54. Nd6 Rf8 55. c7 Nxb6 56. Ne4 Nd7+ 57. Kc6 g4 58. Kb7 Nb6 59. Kxb6
Kd7 60. Kb7 g3 61. Nxg3 Rc8 62. b6 Re8 63. Ne4 Rf8 64. Nc5+ Kd6 65. c8=Q Rxc8
66. Kxc8 Kxc5 67. b7 Kb5 68. b8=Q+ Ka6 69. Qb4 Ka7 70. Qb7# 1-0